Innovation policies for the 21st century report of a symposium /

Bibliographic Details
Corporate Authors: National Research Council (U.S.). Committee on Comparative Innovation Policy: Best Practice for the 21st Century., National Research Council (U.S.). Policy and Global Affairs., ProQuest (Firm)
Other Authors: Wessner, Charles W.
Format: Electronic eBook
Language:English
Published: Washington, D.C. : National Academies Press, c2007.
Subjects:
Online Access:Click to View
LEADER 02118nam a22004454a 4500
001 EBC3564124
003 MiAaPQ
005 20200520144314.0
006 m o d |
007 cr cn|||||||||
008 071108s2007 dcua sb 100 0 eng c
010 |z  2007299525 
020 |z 9780309103169 
020 |z 0309103169 
035 |a (MiAaPQ)EBC3564124 
035 |a (Au-PeEL)EBL3564124 
035 |a (CaPaEBR)ebr10180649 
035 |a (CaONFJC)MIL93463 
035 |a (OCoLC)226376823 
040 |a MiAaPQ  |c MiAaPQ  |d MiAaPQ 
043 |a n-us--- 
050 4 |a HC110.T4  |b I563 2007 
082 0 4 |a 338/.064  |2 22 
245 0 0 |a Innovation policies for the 21st century  |h [electronic resource] :  |b report of a symposium /  |c Charles W. Wessner, editor ; Committee on Comparative Innovation Policy: Best Practice for the 21st Century, Board on Science, Technology, and Economic Policy, Policy and Global Affairs, National Research Council of the National Academies. 
246 1 |i At head of title on cover:  |a Comparative innovation policy 
260 |a Washington, D.C. :  |b National Academies Press,  |c c2007. 
300 |a xvi, 206 p. :  |b ill. 
500 |a Report from an international symposium held on April 15, 2007 in Washington, D.C. 
504 |a Includes bibliographical references (p. 200-206). 
530 |a Also available online in Adobe Acrobat format. 
533 |a Electronic reproduction. Ann Arbor, MI : ProQuest, 2016. Available via World Wide Web. Access may be limited to ProQuest affiliated libraries. 
650 0 |a Technological innovations  |x Government policy  |z United States  |v Congresses. 
650 0 |a Technology and state  |v Congresses. 
650 0 |a Technology  |x Research  |v Congresses. 
655 4 |a Electronic books. 
700 1 |a Wessner, Charles W. 
710 2 |a National Research Council (U.S.).  |b Committee on Comparative Innovation Policy: Best Practice for the 21st Century. 
710 2 |a National Research Council (U.S.).  |b Policy and Global Affairs. 
710 2 |a ProQuest (Firm) 
856 4 0 |u https://ebookcentral.proquest.com/lib/matrademy/detail.action?docID=3564124  |z Click to View